Fundamentals of matrix computations / (Record no. 8491)

MARC details
000 -LEADER
fixed length control field 01112cam a2200301 a 4500
001 - CONTROL NUMBER
control field 12765787
003 - CONTROL NUMBER IDENTIFIER
control field OSt
005 - DATE AND TIME OF LATEST TRANSACTION
control field 20240618150757.0
008 - FIXED-LENGTH DATA ELEMENTS--GENERAL INFORMATION
fixed length control field 020506s2002 nyua b 001 0 eng
010 ## - LIBRARY OF CONGRESS CONTROL NUMBER
LC control number 2002071332
020 ## - INTERNATIONAL STANDARD BOOK NUMBER
International Standard Book Number 0471213942.
040 ## - CATALOGING SOURCE
Transcribing agency MUST,
082 00 - DEWEY DECIMAL CLASSIFICATION NUMBER
Classification number 511.352 WAT 2002
100 1# - MAIN ENTRY--PERSONAL NAME
Personal name Watkins, David S.
9 (RLIN) 17245
245 10 - TITLE STATEMENT
Title Fundamentals of matrix computations /
Statement of responsibility, etc. David S. Watkins.
250 ## - EDITION STATEMENT
Edition statement 2nd ed.
260 ## - PUBLICATION, DISTRIBUTION, ETC. (IMPRINT)
Place of publication, distribution, etc. New York :
Name of publisher, distributor, etc. Wiley-Interscience,
Date of publication, distribution, etc. 2002.
300 ## - PHYSICAL DESCRIPTION
Extent xiii, 618 p. :
Other physical details ill. ;
Dimensions 25 cm.
490 1# - SERIES STATEMENT
Series statement Pure and applied mathematics
504 ## - BIBLIOGRAPHY, ETC. NOTE
Bibliography, etc Includes bibliographical references and indexes.
650 #0 - SUBJECT ADDED ENTRY--TOPICAL TERM
Topical term or geographic name as entry element Matrices.
9 (RLIN) 17246
651 ## - SUBJECT ADDED ENTRY--GEOGRAPHIC NAME
Source of heading or term Mathematics.
830 #0 - SERIES ADDED ENTRY--UNIFORM TITLE
Uniform title Pure and applied mathematics (John Wiley & Sons : Unnumbered)
9 (RLIN) 17202
856 42 - ELECTRONIC LOCATION AND ACCESS
Materials specified Contributor biographical information
Uniform Resource Identifier <a href="http://www.loc.gov/catdir/bios/wiley044/2002071332.html">http://www.loc.gov/catdir/bios/wiley044/2002071332.html</a>
856 42 - ELECTRONIC LOCATION AND ACCESS
Materials specified Publisher description
Uniform Resource Identifier <a href="http://www.loc.gov/catdir/description/wiley036/2002071332.html">http://www.loc.gov/catdir/description/wiley036/2002071332.html</a>
856 41 - ELECTRONIC LOCATION AND ACCESS
Materials specified Table of contents
Uniform Resource Identifier <a href="http://www.loc.gov/catdir/toc/wiley023/2002071332.html">http://www.loc.gov/catdir/toc/wiley023/2002071332.html</a>
942 ## - ADDED ENTRY ELEMENTS (KOHA)
Source of classification or shelving scheme Dewey Decimal Classification
Koha item type Open Shelf
Holdings
Withdrawn status Lost status Source of classification or shelving scheme Damaged status Not for loan Home library Current library Date acquired Source of acquisition Inventory number Total Checkouts Full call number Barcode Date last seen Price effective from Koha item type
    Dewey Decimal Classification     MUST Main Library MUST Main Library 14/06/2024 purchase 05/24714   512.9/434 2024-20561 14/06/2024 14/06/2024 Open Shelf
    Other/Generic Classification Scheme     MUST Main Library MUST Main Library 17/06/2024 purchase 05/24715   512.9/434 2024-20579 17/06/2024 17/06/2024 Open Shelf
    Dewey Decimal Classification     MUST Main Library MUST Main Library 18/06/2024 Purchase 2006/28246   512.9/434 2024-20808 18/06/2024 18/06/2024 Open Shelf